000 007200000a22001810004500
003 MACL
005 20160503170143.0
008 160503b xxu||||| |||| 00| 0 eng d
040 _aMACL
_cMACL
041 _aHindi
082 _a800 AGR
100 _aअग्रवाल, पुरूषोत्‍तम
_955032
245 _aअकथ क‍हानी प्रेम की
_bकबीर की कविता और उनका समय
_cपुरूषोत्‍तम अग्रवाल
260 _aनई दिल्‍ली
_bराजकमल प्रकाशन
_c2010
350 _a500
650 _aकाव्‍य की समीक्षा
_955033
942 _cHIN
_k800
_2ddc
999 _c46709
_d46709